000 00476nam a2200181Ia 4500
001 4312
005 20260306145746.0
008 260306t2003||||xx |||||||||||||| ||spa||
041 _aESP
082 _a320.54
_bB77
100 _aBouchard, Gérard
_eAUT
245 0 _aGénesis de las naciones y culturas del nuevo mundo :
_bensayo de historia comparada
260 _c2003
300 _a611 páginas :
_c21 cm.
650 _aGEN
654 _aCDE
942 _cLIB
_dJUS
_fJUS
_2ddc
_n
999 _c4312
_d4312